Treasures of the New York Public Library (Record no. 60389)
[ view plain ]
| 000 -LEADER | |
|---|---|
| fixed length control field | 00922nam a2200241 a 4500 |
| 008 - FIXED-LENGTH DATA ELEMENTS--GENERAL INFORMATION | |
| fixed length control field | 060316s1988 ||||||||||||||||| || u |
| 020 ## - INTERNATIONAL STANDARD BOOK NUMBER | |
| International Standard Book Number | 0810913542 |
| 050 ## - LIBRARY OF CONGRESS CALL NUMBER | |
| Classification number | Z 733.N63 Dav |
| 100 ## - MAIN ENTRY--PERSONAL NAME | |
| Personal name | McTigue, Bernard |
| 245 10 - TITLE STATEMENT | |
| Title | Treasures of the New York Public Library |
| 260 ## - PUBLICATION, DISTRIBUTION, ETC. | |
| Place of publication, distribution, etc. | New York : |
| Name of publisher, distributor, etc. | Harry N. Abrams Publishers |
| Date of publication, distribution, etc. | 1988 |
| 300 ## - PHYSICAL DESCRIPTION | |
| Extent | 304 p. : ill. |
| 350 ## - PRICE (NR) (BK AM CF MU VM SE) [OBSOLETE] | |
| Price | 0.00 |
| 650 ## - SUBJECT ADDED ENTRY--TOPICAL TERM | |
| Topical term or geographic name entry element | RARE BOOKS - NEW YORK (STATE) - BIBLIOGRAPHY |
| 650 ## - SUBJECT ADDED ENTRY--TOPICAL TERM | |
| Topical term or geographic name entry element | LIBRARY RESOURCES--NEW YORK (STATE)--NEW YORK |
| 650 ## - SUBJECT ADDED ENTRY--TOPICAL TERM | |
| Topical term or geographic name entry element | NEW YORK PUBLIC LIBRARY |
| 650 ## - SUBJECT ADDED ENTRY--TOPICAL TERM | |
| Topical term or geographic name entry element | PRINTED EPHEMERA - NEW YORK (STATE) - NEW YORK |
| 650 ## - SUBJECT ADDED ENTRY--TOPICAL TERM | |
| Topical term or geographic name entry element | MANUSCRIPTS - NEW YORK (STATE) - NEW YORK |
| 700 ## - ADDED ENTRY--PERSONAL NAME | |
| Personal name | Davidson, Marshall B |
| 700 ## - ADDED ENTRY--PERSONAL NAME | |
| Personal name | Wallen, Abrams |
| 710 ## - ADDED ENTRY--CORPORATE NAME | |
| Corporate name or jurisdiction name as entry element | New York Public Library |
| 995 ## - RECOMMENDATION 995 [LOCAL, UNIMARC FRANCE] | |
| -- | 0.00 |
| -- | CBU-MAIN LIBRARY (Kitwe) |
| -- | 1 |
| -- | 0.00 |
| -- | 1 |
| -- | AVAILABLE |
| -- | Annex Low-Usage Collection |
| Withdrawn status | Lost status | Source of classification or shelving scheme | Damaged status | Not for loan | Home library | Current library | Shelving location | Date acquired | Total Checkouts | Full call number | Barcode | Date last seen | Price effective from | Koha item type |
|---|---|---|---|---|---|---|---|---|---|---|---|---|---|---|
| CBU-MAIN LIBRARY, KITWE. | CBU-MAIN LIBRARY, KITWE. | 11/30/2022 | Z 733.N63 Dav | 017031 | 11/30/2022 | 11/30/2022 | MONOGRAPH |